Devinez ces 10 mots grâce à leur définition #4 (Mots en C) - Statistiques

Statistiques générales
  • Ce quiz a été pris 22 fois
  • Le résultat moyen est 5 sur 10
Statistiques - réponses
Définition Mot % Correct
Qui aime à rester chez soi (adj.) C{asanier}
100%
Géant monstrueux n'ayant qu'un œil au milieu du front (n.m.) C{yclope}
90%
En forme de croix (adj.) C{ruciforme}
75%
Homme, animal de de haute et forte stature, d'une grande force apparente (n.m.) C{olosse}
60%
Technique et art du potier, de la fabrication des objets en terre cuite (n.f.) C{éramique}
50%
Équilibrer un effet par un autre (v.) C{ompenser}
40%
Détruire lentement, progressivement, par une action chimique (v.) C{orroder}
35%
Amphithéâtre naturel de parois abruptes, d'origine glaciaire (n.m.) C{irque}
15%
Sauce résultant de la cuisson concentrée de substances alimentaires passées au tamis (n.m.) C{oulis}
15%
Moyen astucieux et souvent déloyal employé pour parvenir à ses fins (n.f. fam.) C{ombine}
5%
Aucun quiz correspondant
Distribution des résultats
% des personnes avec chaque résultat
Percentile par nombre de réponses
Votre historique - résultats
Vous n’avez pas pris ce quiz